000 00383nam a22001337a 4500
003 SGT
020 _a9789392432101
082 _a920
_bM23S
100 _aसिंह, हरिशंकर
245 _aमेरी जीवन यात्रा : जीवन के 75वर्ष
260 _bसाहित्य भंडार
_c2023
300 _a88
942 _2ddc
_cBK
999 _c31500
_d31500